000 00975nam a2200277 a 4500
001 60108
003 BD-RjUL
005 20211209080814.0
008 161228s1985 enka 001 0 eng
020 _a0865317194 (pbk.) :
_c$10.95 (est.)
020 _a0865317186 (hard) :
_c$25.00 (est.)
035 _a(BD-RjUL)60232
040 _aDLC
_cDLC
_dDLC
_beng
041 _aeng
082 0 0 _a355.033573
_223
_bSPD 1985
100 1 _aSpinney, Franklin C.
_9178905
245 1 0 _aDefense facts of life :
_bthe plans/reality mismatch /
_cFranklin C. Spinney ; edited and with commentary by James Clay Thompson.
260 _aBoulder :
_bWestview Press,
_cc1985.
300 _axviii, 260 p. :
_bill. ;
_c23 cm.
500 _aIncludes index.
651 0 _aUnited States
_xMilitary policy.
_9176084
651 0 _aUnited States
_xArmed Forces
_xAppropriations and expenditures.
_9178906
700 1 _aThompson, James Clay,
_d1943-
_9178907
942 _2ddc
_cBK
999 _c60108
_d60108